000 00520nam a22001937a 4500
003 Ost
005 20250722083122.0
008 250722b |||||||| |||| 00| 0 eng d
020 _a9780070634442
040 _cBT-PhCST
050 _a25494
082 _222
_a624.1834
_bRAJ
100 _aRaju, N. Krishna.
245 _aPrestressed concrete /
260 _aNew Delhi :
_bMcGraw-Hill Publishing Company Limited,
_cc2007.
300 _axxiv, 784 p. :
_bill. ;
_c23 cm.
500 _aIncludes Index.
942 _2ddc
_cCIVIL
999 _c10069
_d10069